000
00350nam a2200157Ia 4500
100
_a
Sekar Chandra/V
650
_a
Communication system
942
_c
BK
366
_f
25
245
_a
Communication Systems
260
_b
Oxford university press
_c
2012
082
_a
621.382
_b
SEK
300
_a
923
546
_a
ENGLISH
_c
PAMPHALETS
999
_c
33615
_d
33615